عرض عادي عرض مارك
  • أدب الأطفال

مدخل مصطلح موضوعي

عدد التسجيلات المستخدمة في: 13

001 - رقم الضبط

  • حقل الضبط: 2278

003 - معرف رقم الضبط

  • حقل الضبط: OSt

005 - تاريخ ووقت أخر عملية

  • حقل الضبط: 20110808021304.0

008 - عناصر بيانات ثابتة الطول

  • حقل تحكم ثابت الطول: 110808|||a|||||| | ||| d

040 ## - مصدر الفهرسة

  • هيئة الفهرسة الأصلية: OSt
  • وكالة الكتابة: OSt

150 ## - مدخل-- مصطلح تاريخي

  • عنصر مدخل المصطلح الموضوعي او الاسم الجغرافي: أدب الأطفال
  • تفريع عام: تاريخ ونقد

670 ## - بيانات المصدر موجوده

  • الاستشهاد بالمصدر: Work cat.: (OSt)11975: المطيري، حبيب بن معلا، 1388 هـ- 2276, قصص الأطفال :, [1997]